000 00700nam a2200205 4500
001 143788
003 ES-MaACL
007 t|
008 070214s1941 sp r ||||1| spa d
100 1 _aSevilla Richart, Emilio.
_9105942
245 1 0 _aFormulario de Matemáticas supriores
_b: análisis matemático, geometría analítica y cálculo infinitesimal /
_cEmilio Sevilla Richart.
260 _aValencia :
_bedita el autor,
_c1941 (
_fTall. Gráf. Ed. Guerri)
300 _a103 p. ;
_c17 cm.
650 7 _aGeometría
_2embne
_913096
650 7 _aCálculo
_2embne
_910668
650 7 _aMatemáticas
_2embne
_914814
852 _aES-MaACL
_jB-9733
942 _2udc
999 _c143788
_d143788